000
00231nam a2200097Ia 4500
008
230915s9999 xx 000 0 und d
050
_a
QE 28.2 .P58 1999
100
_a
PLUMMER CHARLES C.
245
0
_a
PHYSICAL GEOLOGY
942
_c
BK
999
_c
191023
_d
191023